• 首页
  • 本馆介绍
  • 公告通知
  • 最新文献
  • 馆藏检索
  • 电子资源
  • 读者导购
  • 参考咨询
  • 我的图书馆
  • 登录
  • 详细信息显示
  • 放入我的书架
  • 预约/预借图书
  • 作者相关作品
  • 分类相关作品
  • 丛书相关作品
  • 出版社相关作品

书目信息

  • 表格格式
  • 工作单格式
  • 卡片格式
题名:
中草药家庭治疗
    
 
作者: 招萼华 , 朱凤英 编著
分册:   疑难病
出版信息: 上海   上海远东出版社  2000
页数: 215页
开本: 19cm
丛书名: 东方保健系列
单 册:
中图分类: R243
科图分类:
主题词: 常见病--中药疗法 , 疑难病--中药疗法 , 常见病 , 中药疗法 , 疑难病
电子资源:
ISBN: 7-80661-229-7
000 00906oam2 2200301 450
001 1533674605
005 20150131092146.62
010    @a7-80661-229-7@dCNY8.00
100    @a20010308d2000 em y0chiy0110 ea
101 0  @achi
102    @aCN@b310000
105    @ay z 000yy
200 1  @a中草药家庭治疗@9zhong cao yao jia ting zhi liao@i疑难病@f招萼华,朱凤英编著
210    @a上海@c上海远东出版社@d2000
215    @a215页@d19cm
225 2  @a东方保健系列
330    @a本书内容包括:细菌性痢疾、冠心病、肝硬化、慢性肾炎、糖尿病、阳痿、失音、复发性口疮、麻木和水肿等。
461  0 @12001 @a东方保健系列
606 0  @a常见病@x中药疗法
606 0  @a疑难病@x中药疗法
606 0  @a常见病
606 0  @a中药疗法
606 0  @a疑难病
690    @aR243@v5
701  0 @a招萼华@9zhao e hua@4编著
701  0 @a朱凤英@9zhu feng ying@4编著
801  0 @aCN@bTSSF@c20150131
905    @aZUCC@dR243@eJY175
    
    中草药家庭治疗.疑难病/招萼华,朱凤英编著.-上海:上海远东出版社,2000
    215页;19cm.-(东方保健系列)
    
    
    ISBN 7-80661-229-7:CNY8.00
    本书内容包括:细菌性痢疾、冠心病、肝硬化、慢性肾炎、糖尿病、阳痿、失音、复发性口疮、麻木和水肿等。
●
相关链接 在E读中查询图书 在五车中查询图书 在当当中查询图书 在豆瓣中查询图书


正题名:中草药家庭治疗     索取号:R243/JY175         预约/预借

序号 登录号 条形码 馆藏地/架位号 状态 备注
1 7863109   278631090   学院路分馆/ [索取号:R243/JY175] 在馆    
2 7863110   278631107   学院路分馆/ [索取号:R243/JY175] 在馆    
3 7863111   278631116   学院路分馆/ [索取号:R243/JY175] 在馆    
唐山师范学院图书馆 欢迎您!
大连网信软件有限公司© 版权所有